000 00279nam a2200121Ia 4500
008 190216s9999||||xx |||||||||||||| ||und||
100 _aImam Muhammedul Buhari
245 0 _aSaheehul Buhari
260 _bC N Ahamed Moulavi
_c2007
300 _a1084
650 _aArabic
942 _cBK
999 _c425
_d425